Nihon kokka dokusen shihonshugi no seiritsu /

Saved in:
நூற்பட்டியல் விவரங்கள்
தலைமை எழுத்தாளர்: Himeoka, Reiji.
வடிவம்: புத்தகம்
மொழி:Japanese
வெளியீடப்பட்டது: Tōkyō : Gendai Shichōsha, 1960.
பகுதிகள்:
குறியீடுகள்: குறிச்சொல் இணை
குறியீடுகள் இல்லை, இந்த குறிச்சொல்லை முதலில் பதிவு செய்யுங்கள்!
LEADER 00814nam a2200241 i 4500
001 007789701-3
005 20024617122053.0
008 980513s1960 ja b 000 0 jpn
010 |a j 67000478 
035 0 |a ocm39112732 
040 |a DLC  |c *YNH*  |d CStRLIN 
050 0 0 |a HC462.9  |b .H46 
100 1 |6 880-01  |a Himeoka, Reiji. 
245 1 0 |6 880-02  |a Nihon kokka dokusen shihonshugi no seiritsu /  |c Himeoka Reiji cho. 
260 |6 880-03  |a Tōkyō :  |b Gendai Shichōsha,  |c 1960. 
300 |a 200 p. ;  |c 17 cm. 
504 |a Includes bibliographical references in notes. 
651 0 |a Japan  |x Economic conditions  |y 1945- 
880 1 |6 100-01  |a 姬岡玲治. 
880 1 0 |6 245-02  |a 日本国家独占資本主義の成立 /  |c 姬岡玲治著. 
880 |6 260-03  |a 東京 :  |b 現代思潮社,  |c 1960. 
988 |a 20021221 
906 |0 DLC